Podstatný pokles zárobku Posudzovanie podmienok na ďalšie trvanie nároku na čiastočný invalidný dôchodok

Vysvetlenie zmien, kedy sa skúma podmienka podstatného poklesu zárobku, kedy sa považuje za splnenú a aké príjmy sa pokladajú za hrubý zárobok. Vymeriavací základ pre určenie poistného na nemocenské poistenie. Príklady. Všeobecné zásady.

Salvato in:
Dettagli Bibliografici
Autore principale: Bolješiková, J.
Natura: Capitolo di libro
Lingua:slovacco
Soggetti:
Tags: Aggiungi Tag
Nessun Tag, puoi essere il primo ad aggiungerne!!

MARC

LEADER 00000naa a2200000 4500
001 r017457
005 20221213100241.2
041 0 |a slo 
044 |a SK 
245 1 0 |a Podstatný pokles zárobku  |b Posudzovanie podmienok na ďalšie trvanie nároku na čiastočný invalidný dôchodok  |c J. Bolješiková 
520 |a Vysvetlenie zmien, kedy sa skúma podmienka podstatného poklesu zárobku, kedy sa považuje za splnenú a aké príjmy sa pokladajú za hrubý zárobok. Vymeriavací základ pre určenie poistného na nemocenské poistenie. Príklady. Všeobecné zásady. 
610 2 0 |a dôchodky invalidné 
610 2 0 |a zabezpečenie sociálne 
610 2 0 |a zákony 
610 2 0 |a zárobky 
610 2 0 |a poistenie nemocenské 
100 1 |a Bolješiková, J.